| 000 | 00581nam a2200181Ia 4500 | ||
|---|---|---|---|
| 001 | 55333 | ||
| 008 | 120919n ii |||gr||||Z||||||465 | ||
| 082 | _a301.03 | ||
| 245 | 0 |
_aLoksamskriti O Nri-Vidyar Avidhan : _bDictionary of Folklore and Anthropology / _cBarun Kr. Chakraborty edited by . _hTextual Documents |
|
| 250 | _aIst ed. | ||
| 260 |
_aCalcutta: _bAparna Book Distributurs., _c2009. |
||
| 300 |
_a472pg: _c23cm. |
||
| 653 | _aBengali | ||
| 653 | _aFolklore- Anthropology | ||
| 653 | _aDeptt- Bengali | ||
| 700 |
_aChakraborty, Barun Kr. ., _eEditor., |
||
| 942 |
_2ddc _cBK |
||
| 999 |
_c55266 _d55266 |
||